A Szerkesztőség postájából

Elmentve itt :
Bibliográfiai részletek
Adatforrás:Philobibl
Forrásdokumentuma:Magyar Filozófiai Szemle 11
1967/3., 554-563. p.
Dokumentumtípus: Cikk
Nyelv:magyar
LEADER 00318nab a2200097 c 4500
001 bibDOK00007697
005 20200924120340.3
008 060518s1967 hu hun
245 0 2 |a A Szerkesztőség postájából 
500 |a Molnár András és Szabó András György írásai 
773 0 |t Magyar Filozófiai Szemle 11  |g 1967/3., 554-563. p.